| 000 | 01279nam#a22003855a#4500 | ||
|---|---|---|---|
| 001 | 1884 | ||
| 245 | 1 | 0 |
_aArte / _cMercedes Elgarte y Marta Zulma del Valle Palermo ; editado por Martín Vittón. |
| 250 | _a1ª ed. | ||
| 260 |
_aBuenos Aires : _bMinisterio de Educación de la Nación, _c2011. |
||
| 300 |
_a54 p. : _bfot. col., il. ; _c28 cm. |
||
| 490 | 0 | _aSerie para la enseñanza en el modelo 1 a 1 | |
| 500 | _aIncluye material para uso áulico en relación al Programa "Conectar Igualdad"extendido desde el Ministerio de Educación de la Nación Argentina. | ||
| 020 | _a9789500008648 | ||
| 100 | 1 | _aElgarte, Mercedes. | |
| 700 | 1 | _aPalermo, Marta Zulma del Valle. | |
| 700 | 1 |
_aVittón, Martín, _eeditor. _4edt |
|
| 080 | _a372.87 | ||
| 084 | _aE38 | ||
| 653 | _aArte | ||
| 653 | _aArtes plásticas | ||
| 653 | _aDidáctica de las artes plásticas | ||
| 653 | _aEducación artística | ||
| 653 | _aArtes visuales | ||
| 653 | _aArte contemporáneo | ||
| 653 | _aDesmaterialización | ||
| 653 | _aCollages | ||
| 653 | _aArte concreto | ||
| 653 | _aArte fotográfico | ||
| 653 | _aArte interactivo | ||
| 040 |
_aAR-ClEAG _cAR-ClEAG |
||
| 008 | 111013s2011####ag#a###f######001#0#spa#d | ||
| 005 | 20241107184725.0 | ||
| 003 | AR-ClEAG | ||
| 942 | _cBK | ||
| 999 |
_c1884 _d1884 |
||
| 980 |
_62 _aEvangelina Gallicchio _82 _gEvangelina Gallicchio |
||